When I am an old woman I shall wear purple : an anthology of short stories and poetry /

"This enchanting collection of writings and photographs evokes the beauty, humor and courage of women living in their later years and tells of the endearing moments of joy--and passion--to be found in the rich and varied world of midlife and beyond. An award-winning anthology that takes a refre...

Full description

Bibliographic Details
Other Authors: Martz, Sandra (Editor)
Format: Book
Language:English
Published: Manhattan Beach, CA : Papier-Maché Press, [1987]
Edition:First edition.
Subjects:

MARC

Tag First Indicator Second Indicator Subfields
LEADER 00000cam a2200000 a 4500
001 in00000018926
005 20230816105309.0
008 870518s1987 caua 000 m eng
010 |a  87042797  
019 |a 973589697 
020 |a 0918949025  |q (pbk.) 
020 |a 9780918949028  |q (pbk.) 
020 |z 0918942025 
029 1 |a AU@  |b 000005902702 
029 1 |a NZ1  |b 3406926 
029 1 |a UKPMH  |b 0918949025 
029 1 |a UNITY  |b 010572120 
029 1 |a NZ1  |b 216634 
035 |a (OCoLC)ocm17536992  
035 |a (OCoLC)17536992  |z (OCoLC)973589697 
035 |a (OCoLC)ocm17536992  
040 |a DLC  |b eng  |c DLC  |d BTCTA  |d UWC  |d YDXCP  |d KZF  |d OCLCO  |d OCLCF  |d OCLCQ  |d OCLCO  |d OCLCQ  |d OCL  |d NZAUC  |d XFG  |d PAU  |d OCLCQ  |d JDP  |d OCLCO  |d ORU  |d OCLCO  |d OCL  |d TXA 
050 0 0 |a PS509.W6  |b W47 1987 
082 0 0 |a 810/.8/03520565  |2 19 
245 0 0 |a When I am an old woman I shall wear purple :  |b an anthology of short stories and poetry /  |c editor, Sandra Martz. 
250 |a First edition. 
264 1 |a Manhattan Beach, CA :  |b Papier-Maché Press,  |c [1987] 
300 |a 177 pages :  |b illustrations ;  |c 24 cm 
336 |a text  |b txt  |2 rdacontent 
337 |a unmediated  |b n  |2 rdamedia 
338 |a volume  |b nc  |2 rdacarrier 
386 |a Americans  |a Women  |a Older people  |2 lcdgt 
505 0 0 |t Warning /  |r Jenny Joseph --  |t Sitty Victoria /  |r Vicki Salloum --  |t Grandma sits down /  |r Rick Kempa --  |t Aunt Marie at 99 /  |r Tom Benediktsson --  |t Here, take my words /  |r Karen Brodine --  |t The trouble was meals /  |r Elizabeth Bennett --  |t Like mother, like daughter /  |r Susan S. Jacobson --  |t Near places, far places /  |r Sarah Barnhill --  |t The changes /  |r Fionna Perkins --  |t For my mother /  |r Michele Wolf --  |t A place for mother /  |r Joanne Seltzer --  |t Birthday portrait in muted tones /  |r Dori Appel --  |t Old woman /  |r Billie Lou Cantwell --  |t A woman at forty /  |r Enid Shomer --  |t New directions /  |r Susan A. Katz --  |t Late autumn woods /  |r Rina Ferrarelli --  |t Athlete growing old /  |r Grace Butcher --  |t Body /  |r Lillian Morrison --  |t I know the mirrors /  |r Janice Townley Moore --  |t Investment of worth /  |r Terri Jewell --  |t Gracefully afraid /  |r Mary Anne Ashley --  |t words never spoken /  |r Doris Vanderlipp Manley --  |t Clearing the path /  |r Elisavietta Ritchie --  |t Dear Paul Newman /  |r Marie Kennedy Robins --  |t Reaching toward beauty /  |r Hyacinthe Hill --  |t Love at fifty /  |r Marcia Woodruff --  |t A letter from Elvira /  |r Bettie Sellers --  |t Tin of tube rose /  |r Sandra Redding --  |t Survived by his wife /  |r Margaret Flanagan --  |t Making the wine /  |r Marisa Labozzetta --  |t Come to me /  |r Sue Saniel Elkind --  |t Two willow chairs /  |r Jess Wells --  |t Planting /  |r Cinda Thompson --  |t Maybe at eighty? /  |r S. Minanel --  |t Endurance /  |r Fran Portley --  |t Becoming sixty /  |r Ruth Harriet Jacobs --  |t Social security /  |r Barbara Bolz --  |t Litany for a neighbor /  |r Ellin Carter --  |t The wildcat /  |r Catherine Boyd --  |t Out of the lion's belly /  |r Carole L. Glickfeld. 
505 8 0 |t Hurricane /  |r Edna J. Guttag --  |t Oh, that shoestore used to be mine /  |r Randeane Doolittle Tetu --  |t Tending the flock /  |r Jennifer Lagier --  |t Livvy Caldwell /  |r Barbara Nector Davis --  |t Translations /  |r Margaret H. Carson --  |t To an old woman /  |r Rafael Jesus Gonzalez --  |t The pianist /  |r Carolyn J. Fairweather Hughes --  |t Occupation /  |r Bonnie Michael Pratt --  |t All the time /  |r Michael Andrews --  |t Bag ladies in L.A. /  |r Savina A. Roxas --  |t glory /  |r Charlotte Watson Sherman --  |t Old women /  |r Barbara Lau --  |t Bag ladies /  |r Ruth Harriet Jacobs --  |t Endings /  |r Lynn Kozma --  |t Last visit to grandmother /  |r Enid Shomer --  |t Words for Alice after her death /  |r Angela Peckenpaugh --  |t The thugs /  |r Mura Dehn --  |t The coming of winter /  |r Shirley Vogler Meister --  |t Post humus /  |r Patti Tana --  |t Life's rainbow /  |r Sheila Banani. 
520 |a "This enchanting collection of writings and photographs evokes the beauty, humor and courage of women living in their later years and tells of the endearing moments of joy--and passion--to be found in the rich and varied world of midlife and beyond. An award-winning anthology that takes a refreshing look at issues of aging in a society that glorifies youth. Over 1.6 million copies of the anthology have been sold across the United States. This groundbreaking collection was one of the first non-clinical and positive books on women and aging, and was written by older women themselves. It challenged stereotypes and confronted the invisibility of older women in America"--Publisher. 
500 |a The Cushing Library/Women & Gender Studies copy was acquired as part of The Arden Eversmeyer Collection.  |5 TXA 
650 0 |a Women  |v Literary collections. 
650 0 |a Aging  |v Literary collections. 
650 0 |a Older women  |v Literary collections. 
650 0 |a Older people's writings, American  |y 20th century. 
650 0 |a American literature  |y 20th century. 
650 1 |a Women  |v Literary collections. 
650 6 |a Femmes  |v Anthologies. 
650 6 |a Vieillissement  |v Anthologies. 
650 6 |a Femmes âgées  |v Anthologies. 
650 6 |a Littérature américaine  |y 20e siècle. 
650 7 |a Aging.  |2 fast  |0 (OCoLC)fst00800293 
650 7 |a American literature.  |2 fast  |0 (OCoLC)fst00807113 
650 7 |a Older people's writings, American.  |2 fast  |0 (OCoLC)fst01199146 
650 7 |a Older women.  |2 fast  |0 (OCoLC)fst01199159 
650 7 |a Women.  |2 fast  |0 (OCoLC)fst01176568 
648 7 |a 1900-1999  |2 fast 
655 7 |a short stories.  |2 aat 
655 7 |a novels.  |2 aat 
655 7 |a poetry.  |2 aat 
655 7 |a Novels.  |2 fast  |0 (OCoLC)fst01921742 
655 7 |a Fiction.  |2 fast  |0 (OCoLC)fst01423787 
655 7 |a Literary collections.  |2 fast  |0 (OCoLC)fst01423811 
655 7 |a Literature.  |2 fast  |0 (OCoLC)fst01921716 
655 7 |a Poetry.  |2 fast  |0 (OCoLC)fst01423828 
655 7 |a Short stories.  |2 fast  |0 (OCoLC)fst01726740 
655 7 |a Short stories.  |2 lcgft 
655 7 |a Fiction.  |2 lcgft 
655 7 |a Poetry.  |2 lcgft 
655 7 |a Literature.  |2 lcgft 
655 7 |a Nouvelles.  |2 rvmgf 
655 7 |a Romans.  |2 rvmgf 
655 7 |a Poésie.  |2 rvmgf 
700 1 |a Martz, Sandra,  |e editor. 
776 0 8 |i Online version:  |t When I am an old woman I shall wear purple.  |b 1st ed.  |d Manhattan Beach, CA : Papier-Maché Press, ©1987  |w (OCoLC)648261577 
938 |a Baker and Taylor  |b BTCP  |n 87042797  |c $10.00 
938 |a YBP Library Services  |b YANK  |n 1081694 
948 |h HELD BY TXA - 522 OTHER HOLDINGS 
994 |a Z0  |b TXA 
999 f f |s 106c9c65-248c-3c1a-ab81-8ece5d87d8f6  |i d102e78f-a810-34ed-b921-6deee550d37f  |t 0 
952 f f |p ric  |a Texas A&M University  |b Rellis Campus  |c Joint Library Facility  |s JLF  |d Remote Storage  |t 0  |e PS508.A44 W4 1988  |h Library of Congress classification  |i unmediated -- volume  |m A14811495809 
998 f f |a PS508.A44 W4 1988  |t 0  |l Remote Storage